| 000 | | | 06727cbm0a2200397#x 450 |
| 001 | | | 3d63d352-8042-44c9-97f9-0fb08f627426 |
| 005 | | | 20210402103436.0 |
| 100 | ## | $a | 20210326j19390904k###0rusy50 ca |
| 101 | 0# | $a | rus |
| 102 | ## | $a | DE |
| 122 | 0# | $a | d19390904## |
| 200 | 1# | $a | Выписка из протокола № 7 заседания Политбюро ЦК ВКП(б) - об организации закупок самолетов и авиамоторов, оборудования для производства снарядов и спецоборудования для ВМФ в Германии и Италии |
| | $j | 4 сентября 1939 г. |
| 251 | ## | $c | Документ |
| 300 | ## | $a | Копия на бланке |
| 300 | ## | $a | Опубликовано: "Вестник архива Президента Российской Федерации. СССР - Германия. 1932-1941". Москва, 2019. С. 310-311 |
| 461 | #0 | $1 | 2001 |
| | $a | Ф. 3 |
| | $1 | 251 |
| | $c | Фонд |
| | $1 | 852 |
| | $j | 3 |
| 462 | #0 | $1 | 2001 |
| | $a | Оп. 64 |
| | $1 | 251 |
| | $c | Опись |
| | $1 | 852 |
| | $j | 64 |
| 462 | #0 | $1 | 2001 |
| | $a | Д. 665 |
| | $v | Л. 81 |
| | $1 | 251 |
| | $c | Дело |
| | $1 | 852 |
| | $j | 665 |
| 605 | ## | $2 | prlib_sh |
| | $3 | LIBNET\UAF\0000088514 |
| | $a | Вторая мировая война в архивных документах (Комплекс оцифрованных архивных документов, кино- и фотоматериалов) |
| | $l | коллекция |
| 606 | 1# | $2 | prlib_sh |
| | $3 | LIBNET\UAF\0000093482 |
| | $a | Продукция военного назначения |
| | $x | Импорт |
| | $y | СССР |
| | $z | 1939 |
| | $j | Документы и материалы |
| 606 | 1# | $2 | prlib_sh |
| | $3 | LIBNET\UAF\0000094274 |
| | $a | Вооружение |
| | $x | Импорт |
| | $y | СССР |
| | $z | 1939 |
| | $j | Документы и материалы |
| 607 | ## | $2 | prlib_sh |
| | $3 | LIBNET\UAF\0000094270 |
| | $a | СССР |
| | $x | Торговые взаимоотношения |
| | $y | Германия |
| | $z | 1939 |
| | $j | Документы и материалы |
| 607 | ## | $2 | prlib_sh |
| | $3 | LIBNET\UAF\0000094272 |
| | $a | Германия |
| | $x | Торговые взаимоотношения |
| | $y | СССР |
| | $z | 1939 |
| | $j | Документы и материалы |
| 607 | ## | $2 | prlib_sh |
| | $3 | LIBNET\UAF\0000094008 |
| | $a | СССР |
| | $x | Торговые взаимоотношения |
| | $y | Италия |
| | $z | 1939 |
| | $j | Документы и материалы |
| 607 | ## | $2 | prib_sh |
| | $3 | LIBNET\UAF\0000094009 |
| | $a | Италия |
| | $x | Торговые взаимоотношения |
| | $y | СССР |
| | $z | 1939 |
| | $j | Документы и материалы |
| 617 | ## | $a | Германия |
| | $f | 1939 |
| | $2 | prlib_sh |
| 617 | ## | $a | Италия |
| | $f | 1939 |
| | $2 | prlib_sh |
| 686 | ## | $a | 63.3(4Гем)62-65ю11 |
| | $v | LBC/M |
| | $2 | rubbk |
| 686 | ## | $a | 63.3(4Ита)612-6ю11 |
| | $v | LBC/M |
| | $2 | rubbk |
| 686 | ## | $a | 63.3(2)621-6ю11 |
| | $v | LBC/M |
| | $2 | rubbk |
| 801 | #0 | $a | RU |
| | $b | ПБ им. Б.Н. Ельцина |
| | $c | 20210326 |
| | $g | rcr |
| 801 | #1 | $a | RU |
| | $b | ПБ им. Б.Н. Ельцина |
| | $c | 20210326 |
| | $2 | rusmarc |
| 801 | #2 | $a | RU |
| | $b | ПБ им. Б.Н. Ельцина |
| | $c | 20210402 |
| | $2 | rusmarc |
| 850 | ## | $a | Российский государственный архив новейшей истории |
| 852 | ## | $a | РГАНИ |
| | $j | Л. 81 |
| 856 | 4# | $n | ПБ им. Б.Н. Ельцина |
| | $u | http://readingroom.main.prlib.ru/item.aspx?id_node=n160142607&mode=full |
| 035 | ## | $a | LIBNET\0001140790 |
| 937 | ## | $d | 160142607 |
| | $h | Федеральное архивное агентство |